[Event "GER-ch 93rd"]
[Site "Magdeburg"]
[Date "2022.08.14"]
[Round "1"]
[White "Becker, Michael"]
[Black "Braun, Georg"]
[Result "0-1"]
[WhiteElo "2282"]
[BlackElo "2398"]
[EventDate "2022.08.14"]
[PlyCount "88"]

1. e4 e6 2. d3 d5 3. Qe2 Nc6 4. Nf3 e5 5. exd5 Qxd5 6. Nc3 Bb4 7. Bd2 Bxc3 8. Bxc3 Bg4 9. Qe4 Bxf3 10. gxf3 Nf6 11. Qxd5 Nxd5 12. Bd2 Nd4 13. O-O-O O-O-O 14. f4 Nxf4 15. Bxf4 exf4 16. Rg1 Rhg8 17. h4 f5 18. c3 Nf3 19. Rh1 Ne5 20. d4 Ng4 21. Rd2 Rge8 22. Bc4 g6 23. h5 g5 24. Bd3 Nh6 25. f3 Re3 26. Rg1 Rg8 27. Bc4 Rg7 28. Rf2 Kd7 29. Kd2 Ke7 30. b4 Kf6 31. a4 Nf7 32. a5 Nd6 33. Bd3 h6 34. b5 Re8 35. c4 Rge7 36. Re2 b6 37. Rxe7 Rxe7 38. c5 Nb7 39. axb6 axb6 40. cxb6 cxb6 41. Rc1 g4 42. Rc6+ Re6 43. Rc8 Nd6 44. fxg4 Nxc8 0-1

[Event "GER-ch 93rd"]
[Site "Magdeburg"]
[Date "2022.08.14"]
[Round "1"]
[White "Becker, Stefan"]
[Black "Arnold, Max"]
[Result "0-1"]
[WhiteElo "2101"]
[BlackElo "2350"]
[EventDate "2022.08.14"]
[PlyCount "76"]

1. e4 d6 2. d4 Nf6 3. Nc3 e5 4. Nf3 Nbd7 5. Bc4 Be7 6. O-O O-O 7. Re1 c6 8. a4 h6 9. a5 Qc7 10. h3 Re8 11. b3 exd4 12. Nxd4 Bf8 13. Bb2 Ne5 14. Bf1 Bd7 15. f4 Ng6 16. Qf3 Rad8 17. Kh1 a6 18. Bd3 Bc8 19. Rf1 d5 20. e5 Nd7 21. Qg3 Ne7 22. e6 Nc5 23. exf7+ Kxf7 24. Be2 g6 25. Nf3 Bf5 26. Ne5+ Kg8 27. b4 Nd7 28. Bg4 Nxe5 29. fxe5 Kh7 30. Rae1 Bg7 31. Na4 h5 32. Bd1 Rf8 33. Nc5 Bc8 34. Qd3 Nf5 35. g4 hxg4 36. Bxg4 Rde8 37. Bxf5 Bxf5 38. Qg3 Qe7 0-1

[Event "GER-ch 93rd"]
[Site "Magdeburg"]
[Date "2022.08.14"]
[Round "1"]
[White "Cofman, Veaceslav"]
[Black "Krastev, Alexander"]
[Result "0-1"]
[WhiteElo "2287"]
[BlackElo "2428"]
[EventDate "2022.08.14"]
[PlyCount "80"]

1. d4 d5 2. Nf3 Nf6 3. Bf4 e6 4. e3 c5 5. c3 Nc6 6. Nbd2 cxd4 7. exd4 Nh5 8. Bg3 g6 9. Bd3 Bg7 10. O-O Nxg3 11. hxg3 O-O 12. Re1 Bd7 13. b4 Rc8 14. Nb3 b6 15. Qd2 Re8 16. b5 Ne7 17. g4 Rc7 18. Rac1 Nc8 19. Qf4 Rf8 20. Ne5 f6 21. Nxd7 Qxd7 22. Rxe6 Bh6 23. Qxh6 Qxe6 24. Nd2 Qxg4 25. Nf3 Nd6 26. Nh2 Qg5 27. Qxg5 fxg5 28. Nf3 Rfc8 29. Re1 Rxc3 30. Re6 Nf7 31. Be2 Kf8 32. Kf1 Rc1+ 33. Ne1 Re8 34. Rxe8+ Kxe8 35. Bf3 Nd6 36. a4 Nf5 37. Ke2 Nxd4+ 38. Kd2 Rxe1 39. Kxe1 Nxf3+ 40. gxf3 h5 0-1

[Event "GER-ch 93rd"]
[Site "Magdeburg"]
[Date "2022.08.14"]
[Round "1"]
[White "Colbow, Collin"]
[Black "Feuerstack, Aljoscha"]
[Result "1/2-1/2"]
[WhiteElo "2323"]
[BlackElo "2477"]
[EventDate "2022.08.14"]
[PlyCount "80"]

1. e4 c5 2. Nf3 e6 3. d4 cxd4 4. Nxd4 Nf6 5. Nc3 Nc6 6. Ndb5 Bc5 7. Bf4 O-O 8. Bc7 Qe7 9. Bd6 Bxd6 10. Qxd6 Qd8 11. Nc7 Rb8 12. Be2 b5 13. e5 Ne8 14. Nxe8 Rxe8 15. O-O f6 16. Bxb5 Rb6 17. exf6 Qxf6 18. Bxc6 Rxc6 19. Qd2 d5 20. Rfe1 Bd7 21. Rad1 Rec8 22. f4 Be8 23. Re5 Rb6 24. Rde1 Bg6 25. f5 Bxf5 26. Nxd5 Qd8 27. Qa5 Rxb2 28. Rxf5 exd5 29. Qxa7 h6 30. Qf7+ Kh7 31. Rxd5 Qb6+ 32. Kh1 Rcxc2 33. Qf5+ Qg6 34. Qxg6+ Kxg6 35. a4 Rxg2 36. Rg1 Rxg1+ 37. Kxg1 Ra2 38. a5 Kf6 39. Rb5 g5 40. Rb6+ Kf5 1/2-1/2

[Event "GER-ch 93rd"]
[Site "Magdeburg"]
[Date "2022.08.14"]
[Round "1"]
[White "Colpe, Malte"]
[Black "Burian, Simon"]
[Result "1-0"]
[WhiteElo "2363"]
[BlackElo "2211"]
[EventDate "2022.08.14"]
[PlyCount "77"]

1. d4 d5 2. c4 e6 3. Nc3 Be7 4. Nf3 Nf6 5. g3 c5 6. cxd5 Nxd5 7. Bg2 Nxc3 8. bxc3 Qa5 9. Bd2 O-O 10. O-O Rd8 11. Qc2 h6 12. e4 Qc7 13. Bf4 Bd6 14. Bxd6 Rxd6 15. Qa4 Bd7 16. Qa3 Na6 17. Rac1 Be8 18. Ne5 b5 19. d5 exd5 20. exd5 f6 21. Nc6 Bxc6 22. dxc6 Qb6 23. c4 b4 24. Qe3 Rad8 25. a3 Kh8 26. Rb1 Qc7 27. axb4 Rd3 28. Qe6 Nxb4 29. Be4 R3d6 30. Qf5 g5 31. Qxc5 Nxc6 32. Ra1 a5 33. Rfe1 R8d7 34. Bxc6 Qxc6 35. Rxa5 Qf3 36. Qc8+ Kg7 37. Ra8 Kg6 38. Qe8+ Kf5 39. h3 1-0

[Event "GER-ch 93rd"]
[Site "Magdeburg"]
[Date "2022.08.14"]
[Round "1"]
[White "Dahl, Christoph"]
[Black "Feidt, Jonas"]
[Result "1/2-1/2"]
[WhiteElo "2348"]
[BlackElo "1901"]
[EventDate "2022.08.14"]
[PlyCount "57"]

1. e4 c6 2. d4 d5 3. e5 Bf5 4. Nf3 e6 5. Be2 c5 6. O-O Nc6 7. c3 Bg6 8. a3 cxd4 9. cxd4 Nge7 10. Nc3 Nc8 11. b4 Nb6 12. Bg5 Be7 13. Bxe7 Qxe7 14. Na4 Nxa4 15. Qxa4 O-O 16. b5 Nb8 17. Rfc1 Qd8 18. Rc3 Nd7 19. Rac1 Nb6 20. Qb4 Rc8 21. a4 Rxc3 22. Rxc3 Bh5 23. h3 Bxf3 24. Bxf3 Nc4 25. Be2 Qh4 26. Bg4 Qd8 27. Be2 Qh4 28. Bg4 Qd8 29. Be2 1/2-1/2

[Event "GER-ch 93rd"]
[Site "Magdeburg"]
[Date "2022.08.14"]
[Round "1"]
[White "Gungl, Theo"]
[Black "Dobrikov, Marco"]
[Result "1/2-1/2"]
[WhiteElo "2366"]
[BlackElo "2223"]
[EventDate "2022.08.14"]
[PlyCount "86"]

1. d4 Nf6 2. c4 g6 3. h4 Bg7 4. Nc3 O-O 5. e4 d6 6. Be2 e5 7. d5 Na6 8. h5 Nc5 9. h6 Bh8 10. Bg5 a5 11. Qc2 c6 12. Nf3 Qe8 13. Nd2 Bd7 14. Nb3 Nxb3 15. Qxb3 Qb8 16. Rd1 a4 17. Qc2 Rc8 18. Qd3 cxd5 19. Bxf6 Bxf6 20. Nxd5 Bd8 21. f4 Be6 22. f5 Bxd5 23. Qxd5 Rc5 24. Qxd6 Qxd6 25. Rxd6 Rc6 26. Rd7 Rc7 27. Rd5 Bf6 28. Kf2 Rd8 29. Rhd1 Rxd5 30. Rxd5 b6 31. Kf3 Bg5 32. Rxe5 Bxh6 33. f6 Rc6 34. Re8+ Bf8 35. e5 Re6 36. Rxe6 fxe6 37. Ke4 a3 38. b3 Bb4 39. Kd4 Be1 40. Bf3 Bf2+ 41. Ke4 Be1 42. Kd4 Bf2+ 43. Ke4 Be1 1/2-1/2

[Event "GER-ch 93rd"]
[Site "Magdeburg"]
[Date "2022.08.14"]
[Round "1"]
[White "Hourigan, Gerrit"]
[Black "Carlstedt, Jonathan"]
[Result "0-1"]
[WhiteElo "2306"]
[BlackElo "2439"]
[EventDate "2022.08.14"]
[PlyCount "64"]

1. d4 Nf6 2. c4 e6 3. g3 d5 4. Nf3 Bb4+ 5. Bd2 Bd6 6. Bg2 O-O 7. O-O Nbd7 8. Qc2 c6 9. Rd1 a5 10. Nc3 dxc4 11. e4 e5 12. dxe5 Bxe5 13. Nxe5 Nxe5 14. Be3 Qe7 15. h3 b5 16. f4 Nd3 17. e5 Nd5 18. Nxd5 cxd5 19. a4 Rb8 20. axb5 Rxb5 21. Rxd3 cxd3 22. Qxd3 Rxb2 23. Bd4 Rb4 24. Rxa5 Bf5 25. Qe3 Rb1+ 26. Kh2 Be4 27. Bxe4 dxe4 28. Qxe4 Qb4 29. Rd5 Rb2+ 30. Kh1 Ra8 31. Qf3 Ra1+ 32. Bg1 Rxg1+ 0-1

[Event "GER-ch 93rd"]
[Site "Magdeburg"]
[Date "2022.08.14"]
[Round "1"]
[White "Krassowizkij, Jaroslaw"]
[Black "Bracker, Arne"]
[Result "1/2-1/2"]
[WhiteElo "2429"]
[BlackElo "2295"]
[EventDate "2022.08.14"]
[PlyCount "81"]

1. d4 Nf6 2. c4 e6 3. Nf3 d5 4. g3 Be7 5. Bg2 O-O 6. O-O dxc4 7. Qa4 a6 8. Qxc4 b5 9. Qc2 Bb7 10. Bd2 Be4 11. Qc1 c6 12. Rd1 Nbd7 13. Nc3 Bg6 14. a3 Rc8 15. Bg5 Nd5 16. Bxe7 Qxe7 17. Qd2 Nxc3 18. Qxc3 c5 19. dxc5 Nxc5 20. Rac1 Qb7 21. Qe5 Nd7 22. Qd6 Nf6 23. Ne5 Be4 24. Rxc8 Qxc8 25. Nd7 Nxd7 26. Bxe4 Nc5 27. Bc6 Nb7 28. Qd7 Na5 29. Bf3 Qxd7 30. Rxd7 Nc4 31. Ra7 Rb8 32. b3 Nxa3 33. Be4 f5 34. Bd3 Rb6 35. Kf1 Rd6 36. Ke1 g5 37. f4 g4 38. Kf2 h5 39. Ke3 Kh8 40. Kf2 Kg8 41. Ke3 1/2-1/2

[Event "GER-ch 93rd"]
[Site "Magdeburg"]
[Date "2022.08.14"]
[Round "1"]
[White "Langheinrich, Ferenc"]
[Black "Stricker, Florian"]
[Result "1-0"]
[WhiteElo "2357"]
[BlackElo "2182"]
[EventDate "2022.08.14"]
[PlyCount "55"]

1. e4 d6 2. d4 Nf6 3. Nc3 g6 4. h3 Nbd7 5. Nf3 c5 6. dxc5 Nxc5 7. e5 Nfd7 8. exd6 Bg7 9. Nd5 exd6 10. Bg5 f6 11. Be3 O-O 12. Bc4 Kh8 13. h4 Re8 14. h5 g5 15. h6 Bf8 16. b4 Ne6 17. O-O Ne5 18. Nxe5 dxe5 19. Qh5 b5 20. Bb3 Bb7 21. Rad1 Nd4 22. Qf7 Bxd5 23. Bxd5 Bxh6 24. Bxa8 Qxa8 25. Bxd4 exd4 26. Rxd4 Rf8 27. Qh5 Bg7 28. Re1 1-0

[Event "GER-ch 93rd"]
[Site "Magdeburg"]
[Date "2022.08.14"]
[Round "1"]
[White "Miller, Eduard"]
[Black "Parvanyan, Alfred"]
[Result "1/2-1/2"]
[WhiteElo "2353"]
[BlackElo "2151"]
[EventDate "2022.08.14"]
[PlyCount "221"]

1. d4 Nf6 2. c4 c6 3. Nc3 d5 4. e3 g6 5. Nf3 Bg7 6. Ne5 O-O 7. Bd3 dxc4 8. Bxc4 Nbd7 9. f4 Nb6 10. Bb3 Nbd5 11. O-O Bf5 12. g4 Nxc3 13. bxc3 Be4 14. g5 Ne8 15. Nd3 Nd6 16. Nf2 Qd7 17. Qe2 Bf5 18. e4 Be6 19. Bb2 a5 20. Rac1 Bxb3 21. axb3 a4 22. e5 Nf5 23. b4 a3 24. Ba1 h6 25. Ne4 b6 26. Rcd1 b5 27. d5 cxd5 28. Nc5 Qc6 29. e6 f6 30. gxh6 Bxh6 31. Rd3 Kg7 32. Qf3 Rfd8 33. Rf2 Rac8 34. Ra2 d4 35. Qxc6 Rxc6 36. cxd4 Bxf4 37. Raxa3 Rh8 38. h3 Rd6 39. d5 Bc1 40. Ra7 Rhd8 41. Ne4 Rxe6 42. dxe6 Rxd3 43. Bxf6+ Kh6 44. Rd7 Rxd7 45. exd7 Be3+ 46. Kg2 Bb6 47. Bg5+ Kh5 48. Bf4 Kh4 49. Ng5 e5 50. Nf3+ Kh5 51. Bxe5 Ne3+ 52. Kg3 Nd5 53. Nd4 Nxb4 54. Bf6 Nd5 55. d8=Q Bxd8 56. Bxd8 b4 57. Kf3 g5 58. Kg3 Kg6 59. Kg4 Ne3+ 60. Kf3 Nd5 61. Ke4 Nf4 62. h4 Nh3 63. hxg5 Nxg5+ 64. Kd3 Nf7 65. Bc7 Kf6 66. Kc4 Ng5 67. Bd8+ Kg6 68. Kxb4 Nf7 69. Be7 Nh6 70. Bc5 Nf5 71. Nf3 Kf6 72. Kc4 Ke6 73. Bb4 Nd6+ 74. Kc5 Ne4+ 75. Kd4 Nf6 76. Bd2 Nh7 77. Ne5 Nf6 78. Bg5 Nh7 79. Bh4 Nf6 80. Nd3 Kf5 81. Nc5 Ng4 82. Ne4 Ne5 83. Kd5 Ng6 84. Nd6+ Kf4 85. Bf6 Kf3 86. Bg5 Nf4+ 87. Ke5 Nd3+ 88. Kf5 Nf2 89. Nc4 Nd3 90. Nd2+ Ke2 91. Ke4 Nc5+ 92. Kd5 Nd3 93. Kd4 Ne1 94. Ke4 Nd3 95. Bh6 Nc5+ 96. Kd4 Nd3 97. Nc4 Nf2 98. Ne5 Nd1 99. Bf4 Nf2 100. Bg3 Nd1 101. Bh4 Nf2 102. Bg5 Nd1 103. Nd3 Nf2 104. Ne5 Nd1 105. Bc1 Nf2 106. Be3 Nd1 107. Bg1 Nf2 108. Kd5 Nd3 109. Nc4 Nf2 110. Kd4 Ng4 111. Ke4 1/2-1/2

[Event "GER-ch 93rd"]
[Site "Magdeburg"]
[Date "2022.08.14"]
[Round "1"]
[White "Pahl, Erik"]
[Black "Florstedt, Johannes"]
[Result "1-0"]
[WhiteElo "2203"]
[BlackElo "2359"]
[EventDate "2022.08.14"]
[PlyCount "133"]

1. e4 c5 2. Nf3 d6 3. d4 cxd4 4. Nxd4 Nf6 5. f3 e5 6. Nb3 d5 7. Bg5 d4 8. c3 Nc6 9. cxd4 Bb4+ 10. Bd2 Bxd2+ 11. Qxd2 exd4 12. Bb5 Qb6 13. Bxc6+ bxc6 14. Qxd4 O-O 15. Qxb6 axb6 16. Nc3 Nd7 17. O-O-O Ne5 18. Rd6 Ba6 19. Rhd1 Rfc8 20. Nd4 Kf8 21. Kb1 Bd3+ 22. Ka1 c5 23. Nf5 c4 24. Rxb6 Nd7 25. Rb5 Nc5 26. Nd6 Rc6 27. Nb7 Ne6 28. Na5 Rc5 29. b4 Rxb5 30. Nxb5 Rb8 31. a4 Bc2 32. Rc1 Bxa4 33. Nd6 Rxb4 34. Rxc4 Rxc4 35. Naxc4 f6 36. Kb2 Nf4 37. Ne3 g6 38. Kc3 Ke7 39. Ndc4 Ke6 40. g3 Ne2+ 41. Kb4 Bc6 42. Nc2 Ke7 43. Kc5 Ba4 44. Nd4 Ng1 45. Nb6 Bd1 46. Nd5+ Kf7 47. f4 Bg4 48. Kd6 Nh3 49. e5 fxe5 50. fxe5 Ng5 51. Nc7 Ne4+ 52. Kd5 Nc3+ 53. Kc6 h5 54. e6+ Bxe6 55. Ncxe6 Kf6 56. Kd6 Ne4+ 57. Kd5 Nd2 58. Nc5 Nf1 59. Ne4+ Kg7 60. Nf3 h4 61. gxh4 Kh6 62. Kd4 Kh5 63. Ng3+ Nxg3 64. hxg3 Kg4 65. Ne5+ Kxg3 66. Nxg6 Kg4 67. Ke5 1-0

[Event "GER-ch 93rd"]
[Site "Magdeburg"]
[Date "2022.08.14"]
[Round "1"]
[White "Parvanyan, Ashot"]
[Black "Koehler, Christian Friedrich"]
[Result "1-0"]
[WhiteElo "2424"]
[BlackElo "2285"]
[EventDate "2022.08.14"]
[PlyCount "143"]

1. Nf3 f5 2. g3 Nf6 3. Bg2 g6 4. O-O Bg7 5. c4 O-O 6. d4 d6 7. Nc3 Qe8 8. d5 Na6 9. Rb1 c5 10. dxc6 bxc6 11. b4 Bd7 12. Qa4 Nc7 13. Qa5 Ne6 14. Bb2 Qf7 15. b5 Rfc8 16. Nd2 Nc5 17. Ba3 Nfe4 18. Ncxe4 Nxe4 19. Rfc1 Qe6 20. Nxe4 fxe4 21. bxc6 Bxc6 22. e3 Qd7 23. Bb2 Bf6 24. Bxf6 exf6 25. Rb2 Rab8 26. Rd2 Qe7 27. Rcd1 Be8 28. Qd5+ Kg7 29. Qxe4 Qxe4 30. Bxe4 Rxc4 31. Bd5 Rcb4 32. Bb3 Ba4 33. Rxd6 Bxb3 34. axb3 Rxb3 35. Rd7+ Kh6 36. Rxa7 Rb1 37. Rxb1 Rxb1+ 38. Kg2 g5 39. g4 Kg6 40. Ra6 Rb7 41. Kg3 Rb2 42. f3 Re2 43. e4 Kg7 44. h4 gxh4+ 45. Kxh4 h6 46. Ra7+ Kf8 47. Kh5 Rf2 48. Kg6 Rxf3 49. Rf7+ Ke8 50. Rxf6 Rh3 51. Ra6 Ke7 52. Kf5 Rf3+ 53. Ke5 Rg3 54. Ra7+ Kf8 55. Kf4 Rg1 56. e5 Rf1+ 57. Ke4 Re1+ 58. Kf5 Rf1+ 59. Kg6 Rg1 60. Rf7+ Ke8 61. Rf4 Ke7 62. Kxh6 Ke6 63. g5 Kxe5 64. Rf2 Ke6 65. g6 Rh1+ 66. Kg7 Rg1 67. Re2+ Kd6 68. Kh7 Rg4 69. g7 Rh4+ 70. Kg6 Rg4+ 71. Kf6 Kd7 72. Re5 1-0

[Event "GER-ch 93rd"]
[Site "Magdeburg"]
[Date "2022.08.14"]
[Round "1"]
[White "Poetsch, Hagen"]
[Black "Costa, Leonardo"]
[Result "1-0"]
[WhiteElo "2500"]
[BlackElo "2326"]
[EventDate "2022.08.14"]
[PlyCount "57"]

1. e4 c6 2. d4 d5 3. e5 Bf5 4. h4 h5 5. c4 e6 6. Nc3 Ne7 7. Nge2 Nd7 8. Ng3 Bg6 9. Bg5 Qb6 10. Rc1 Qxb2 11. Bd3 Bxd3 12. Qxd3 dxc4 13. Qxc4 Nb6 14. Qd3 Ned5 15. O-O Qa3 16. Nge4 Bb4 17. Qf3 Nc4 18. Qe2 Nxc3 19. Rxc3 Bxc3 20. Qxc4 Bb4 21. Rb1 a5 22. Qc2 Be7 23. Bc1 Qb4 24. Rxb4 axb4 25. Bg5 Ra5 26. Bxe7 Kxe7 27. Qd2 Ra4 28. Qg5+ Kd7 29. Nc5+ 1-0

[Event "GER-ch 93rd"]
[Site "Magdeburg"]
[Date "2022.08.14"]
[Round "1"]
[White "Richter, Nils"]
[Black "Kunin, Vitaly L"]
[Result "1-0"]
[WhiteElo "2328"]
[BlackElo "2521"]
[EventDate "2022.08.14"]
[PlyCount "77"]

1. d4 Nf6 2. c4 b6 3. f3 Nc6 4. e4 e5 5. Ne2 exd4 6. Nxd4 Nxd4 7. Qxd4 Bc5 8. Qe5+ Be7 9. Bf4 d6 10. Qd4 O-O 11. Nc3 Bb7 12. Be2 Nh5 13. Be3 Bg5 14. O-O Nf4 15. Rfe1 f5 16. exf5 Rxf5 17. Bf1 Qd7 18. Ne2 Ne6 19. Qd2 Bxe3+ 20. Qxe3 Re5 21. Qd2 Re8 22. Nc3 Nd4 23. Nb5 Nxb5 24. Rxe5 Rxe5 25. cxb5 h5 26. Rc1 Qf7 27. Rc4 Bd5 28. Ra4 Bxa2 29. Rxa7 Bd5 30. Bd3 Re7 31. h4 c5 32. Bg6 Qxg6 33. Rxe7 Bf7 34. Rd7 d5 35. Qg5 Qd3 36. Qd8+ Kh7 37. Rxf7 Qe3+ 38. Kh2 Qe5+ 39. f4 1-0

[Event "GER-ch 93rd"]
[Site "Magdeburg"]
[Date "2022.08.14"]
[Round "1"]
[White "Roseneck, Jonas"]
[Black "Yi, Danny"]
[Result "1-0"]
[WhiteElo "2384"]
[BlackElo "2273"]
[EventDate "2022.08.14"]
[PlyCount "67"]

1. c4 Nf6 2. Nf3 g6 3. Nc3 d5 4. cxd5 Nxd5 5. e4 Nb6 6. d4 Bg7 7. h3 O-O 8. Be2 Nc6 9. Be3 e5 10. d5 Ne7 11. O-O f5 12. Qb3 Kh8 13. Ng5 h6 14. Ne6 Bxe6 15. dxe6 Nc6 16. Bc5 Rg8 17. Bb5 Rb8 18. Bxc6 bxc6 19. e7 Qc8 20. Qf7 fxe4 21. Qxg6 Nd5 22. Nxe4 Nf4 23. Qf7 Nxh3+ 24. gxh3 Qxh3 25. Ng3 e4 26. Qf4 Rb5 27. Rac1 Qe6 28. Rfd1 Be5 29. Bd4 Bxd4 30. Rxd4 e3 31. Re1 Re5 32. Rxe3 Rxe3 33. Qxe3 Rxg3+ 34. Qxg3 1-0

[Event "GER-ch 93rd"]
[Site "Magdeburg"]
[Date "2022.08.14"]
[Round "1"]
[White "Schulz, Lukas"]
[Black "Keller, Peter1"]
[Result "1-0"]
[WhiteElo "2271"]
[BlackElo "2377"]
[EventDate "2022.08.14"]
[PlyCount "61"]

1. e4 e5 2. f4 exf4 3. Nf3 Nf6 4. e5 Nh5 5. Be2 d6 6. O-O g6 7. d4 Nc6 8. Nc3 Bg7 9. exd6 cxd6 10. d5 Ne5 11. Ne1 Nf6 12. Bxf4 O-O 13. Kh1 Qb6 14. Qd2 Nfg4 15. h3 Nf6 16. Nf3 Nfd7 17. Na4 Qc7 18. Nd4 a6 19. Nc3 Nc4 20. Bxc4 Qxc4 21. Rad1 Ne5 22. Bg5 Qc7 23. Bf6 Nc4 24. Qc1 Re8 25. Rde1 Bd7 26. Ne4 Ne5 27. Qf4 Bb5 28. Nxb5 axb5 29. Bxg7 Kxg7 30. Qf6+ Kg8 31. Nxd6 1-0

[Event "GER-ch 93rd"]
[Site "Magdeburg"]
[Date "2022.08.14"]
[Round "1"]
[White "Tschernatsch, Johannes"]
[Black "Pajeken, Jakob Leon"]
[Result "0-1"]
[WhiteElo "2314"]
[BlackElo "2457"]
[EventDate "2022.08.14"]
[PlyCount "110"]

1. e4 c5 2. Nf3 d6 3. Bb5+ Nd7 4. a4 Ngf6 5. Nc3 a6 6. Be2 g6 7. a5 Bg7 8. O-O O-O 9. Re1 b5 10. axb6 Bb7 11. d3 Qxb6 12. Nd2 Ne5 13. Nf1 e6 14. Bf4 Nfd7 15. Na4 Qc6 16. Qd2 f5 17. Ng3 Nf7 18. Bf3 Nde5 19. Be2 d5 20. Qa5 Rac8 21. Bf1 Ng4 22. exd5 exd5 23. c3 d4 24. c4 Nfe5 25. Bxe5 Nxe5 26. Qb6 Nd7 27. Qxc6 Bxc6 28. Ne2 Bh6 29. f4 Rb8 30. Ra3 Rb4 31. Rea1 g5 32. g3 Re8 33. Kf2 Re3 34. Nxc5 Rxe2+ 35. Bxe2 Nxc5 36. Ra5 Bf8 37. R5a2 g4 38. Bf1 Rb3 39. Rd1 a5 40. Ke1 Bf3 41. Be2 Bxe2 42. Kxe2 a4 43. Rd2 Rb7 44. Kd1 Kf7 45. Re2 Nxd3 46. Rd2 Rb3 47. Rxa4 Nxb2+ 48. Kc2 Nxa4 49. Kxb3 Nc5+ 50. Kc2 d3+ 51. Kd1 Ne4 52. Rb2 Bc5 53. Rb7+ Ke6 54. Rxh7 Be3 55. Rh6+ Kd7 0-1

[Event "GER-ch 93rd"]
[Site "Magdeburg"]
[Date "2022.08.14"]
[Round "1"]
[White "Vogel, Roven"]
[Black "Boder, Jan"]
[Result "0-1"]
[WhiteElo "2459"]
[BlackElo "2315"]
[EventDate "2022.08.14"]
[PlyCount "76"]

1. d4 Nf6 2. Nc3 d5 3. Bf4 e6 4. Nb5 Na6 5. e3 Bb4+ 6. c3 Be7 7. a4 c6 8. Na3 Nc7 9. Bd3 O-O 10. Qf3 Nce8 11. Ne2 Nd6 12. Ng3 Nf5 13. O-O Nh4 14. Qe2 Ng6 15. Bg5 Ne4 16. Bxe7 Nxg3 17. hxg3 Qxe7 18. e4 f5 19. e5 Qg5 20. Nc2 f4 21. Qd2 Qh6 22. Bxg6 hxg6 23. gxf4 Rf5 24. f3 b6 25. Ne3 Qxf4 26. Qf2 Rh5 27. Ng4 Ba6 28. Rfd1 Kf7 29. Qd2 Qg3 30. Qe1 Qf4 31. Kf2 Rah8 32. Qd2 Qxd2+ 33. Rxd2 Rh1 34. Ra3 Rf1+ 35. Kg3 Rc1 36. a5 b5 37. b4 Bc8 38. Nf2 g5 0-1

[Event "GER-ch 93rd"]
[Site "Magdeburg"]
[Date "2022.08.14"]
[Round "1"]
[White "Wachinger, Nikolas"]
[Black "Farokhi, Keyvan"]
[Result "1/2-1/2"]
[WhiteElo "2442"]
[BlackElo "2313"]
[EventDate "2022.08.14"]
[PlyCount "123"]

1. e4 c6 2. d4 d5 3. e5 c5 4. dxc5 e6 5. Be3 Nd7 6. Bb5 Ne7 7. Bd4 Nf5 8. c3 a6 9. Ba4 Be7 10. Ne2 O-O 11. O-O Qc7 12. Bc2 Nxe5 13. Bxf5 exf5 14. Nf4 Ng4 15. g3 Bxc5 16. Nxd5 Qd6 17. Bxc5 Qxc5 18. Qd4 Qxd4 19. cxd4 Rd8 20. Nbc3 b5 21. f3 Nh6 22. Rad1 Bb7 23. Ne3 Rd7 24. Kf2 Rad8 25. Ne2 Kf8 26. Rc1 g6 27. Rc5 Ng8 28. Rfc1 Nf6 29. Rc7 Ke7 30. Rxd7+ Rxd7 31. Rc5 Kd6 32. Nf4 Rc7 33. Nd3 Nd7 34. Rxc7 Kxc7 35. b4 Kd6 36. a3 Nb6 37. Nc5 Bc8 38. Ke2 Nd5 39. Nxd5 Kxd5 40. Kd3 Kd6 41. f4 Kd5 42. a4 Kd6 43. a5 Kd5 44. Nb3 Kd6 45. Nd2 Bb7 46. Nf1 Be4+ 47. Kc3 Bg2 48. Ne3 Bf3 49. Kd3 Be4+ 50. Ke2 Ke6 51. Kf2 f6 52. h4 h5 53. Ke1 Kd6 54. Kd2 Ke6 55. d5+ Kd6 56. Kc3 Bxd5 57. Kd4 Be4 58. Nf1 Bd5 59. Nd2 Be6 60. Nb1 Bd5 61. Nc3 Bc4 62. Ke3 1/2-1/2

[Event "GER-ch 93rd"]
[Site "Magdeburg"]
[Date "2022.08.14"]
[Round "1"]
[White "Westphal, Wolfgang"]
[Black "Bethke, Richard"]
[Result "0-1"]
[WhiteElo "2175"]
[BlackElo "2357"]
[EventDate "2022.08.14"]
[PlyCount "92"]

1. e4 c5 2. Nf3 d6 3. Bb5+ Bd7 4. Bxd7+ Qxd7 5. O-O Nf6 6. e5 dxe5 7. Nxe5 Qc7 8. d4 e6 9. Bf4 Bd6 10. Na3 Qc8 11. Nb5 Be7 12. Nc4 O-O 13. Nc7 cxd4 14. Qf3 Na6 15. Nxa8 Qxc4 16. Qxb7 Nd5 17. Bg3 Qc8 18. Qb5 Nc5 19. Rad1 a6 20. Qc4 Qxa8 21. Qxd4 Rd8 22. Qg4 Rc8 23. Qe2 Qc6 24. c4 Nf6 25. b3 a5 26. Rd4 Nfe4 27. Re1 f5 28. Be5 Nd7 29. Bg3 Bf6 30. Rd3 Ndc5 31. Rf3 g5 32. h4 g4 33. Rf4 Bg7 34. Bh2 h5 35. f3 Bd4+ 36. Kh1 Nf2+ 37. Kg1 Nh3+ 38. Kh1 Nxf4 39. Bxf4 e5 40. Bxe5 Re8 41. f4 Ne4 42. Qc2 Bxe5 43. fxe5 Rxe5 44. Rd1 Ng3+ 45. Kh2 Re2 46. Rd8+ Kf7 0-1

[Event "GER-ch 93rd"]
[Site "Magdeburg"]
[Date "2022.08.15"]
[Round "2"]
[White "Arnold, Max"]
[Black "Parvanyan, Ashot"]
[Result "1/2-1/2"]
[WhiteElo "2350"]
[BlackElo "2424"]
[EventDate "2022.08.14"]
[PlyCount "81"]

1. e4 e6 2. d4 d5 3. Nc3 Nf6 4. Bg5 dxe4 5. Nxe4 Be7 6. Nxf6+ Bxf6 7. Bxf6 Qxf6 8. Nf3 c5 9. Qd3 cxd4 10. Qxd4 Qxd4 11. Nxd4 Ke7 12. Be2 Nd7 13. O-O-O Nc5 14. Bf3 e5 15. Nb5 Be6 16. Nc7 Rab8 17. Nd5+ Kf8 18. Rhe1 f6 19. Re3 Kf7 20. b4 Na6 21. Kb2 Rhd8 22. c4 Rbc8 23. c5 Rd7 24. a3 Nc7 25. Nxc7 Rcxc7 26. Rxd7+ Bxd7 27. Kc3 Ke7 28. Bd5 Bb5 29. f4 b6 30. Bc4 Bxc4 31. Kxc4 Ke6 32. g4 g6 33. a4 bxc5 34. bxc5 Rb7 35. c6 Rb1 36. fxe5 fxe5 37. Rh3 Rc1+ 38. Kb5 Rb1+ 39. Kc5 Rc1+ 40. Kb5 Rb1+ 41. Kc5 1/2-1/2

[Event "GER-ch 93rd"]
[Site "Magdeburg"]
[Date "2022.08.15"]
[Round "2"]
[White "Bethke, Richard"]
[Black "Poetsch, Hagen"]
[Result "1-0"]
[WhiteElo "2357"]
[BlackElo "2500"]
[EventDate "2022.08.14"]
[PlyCount "79"]

1. e4 c5 2. Nf3 d6 3. d4 cxd4 4. Nxd4 Nf6 5. Nc3 a6 6. Be3 e5 7. Nf3 Be7 8. Bc4 O-O 9. O-O Nc6 10. Qe2 Na5 11. Bb3 h6 12. Rfd1 Nxb3 13. axb3 Bd7 14. Na4 Bxa4 15. bxa4 Qc7 16. c4 Qc6 17. Nd2 Nxe4 18. Bxh6 Nxd2 19. Qg4 Bf6 20. Rxd2 b5 21. Rc1 Rfd8 22. Rd3 Qd7 23. Qg3 e4 24. Rd5 bxc4 25. Bg5 Be5 26. Bf4 Bxb2 27. Rcd1 Qxa4 28. h4 Bf6 29. h5 c3 30. Bh6 Kh8 31. Bg5 c2 32. Rf1 Qc4 33. h6 Rg8 34. hxg7+ Kxg7 35. Bf4+ Kf8 36. Bxd6+ Ke8 37. Qxg8+ Kd7 38. Qxf7+ Kc6 39. Rc5+ Qxc5 40. Bxc5 1-0

[Event "GER-ch 93rd"]
[Site "Magdeburg"]
[Date "2022.08.15"]
[Round "2"]
[White "Boder, Jan"]
[Black "Roseneck, Jonas"]
[Result "0-1"]
[WhiteElo "2315"]
[BlackElo "2384"]
[EventDate "2022.08.14"]
[PlyCount "152"]

1. b3 e5 2. Bb2 Nc6 3. e3 Nf6 4. Nf3 e4 5. Nd4 Bc5 6. d3 Bxd4 7. exd4 d5 8. Nd2 exd3 9. Bxd3 Bg4 10. f3 Be6 11. a3 O-O 12. O-O Ne7 13. Re1 Bf5 14. Nf1 Bxd3 15. Qxd3 Ng6 16. Bc1 Nh5 17. Qf5 Qh4 18. Be3 Nf6 19. c4 h6 20. Rac1 dxc4 21. bxc4 Rfe8 22. Qc5 c6 23. Rb1 Nd7 24. Qf5 Nb6 25. g3 Qe7 26. Qd3 Qd7 27. Nd2 Rad8 28. Qb3 Qf5 29. Bf2 Rxe1+ 30. Rxe1 Qd7 31. Ne4 Re8 32. Rb1 Re7 33. Nc5 Qf5 34. Ne4 Nf8 35. Nd6 Qg6 36. c5 Nd5 37. Re1 Rxe1+ 38. Bxe1 Ne6 39. Bf2 b5 40. cxb6 axb6 41. Nc4 Qf6 42. Ne5 Nd8 43. Qd3 Qd6 44. Be1 f6 45. Nc4 Qe6 46. Bd2 b5 47. Na5 Nf7 48. Qe4 Qd7 49. Nb3 Nd6 50. Qe2 Nc4 51. Nc5 Qe7 52. Qd3 Ncb6 53. Kf2 Na4 54. Nxa4 bxa4 55. Qa6 Qxa3 56. Qxc6 Qa2 57. Ke1 Qa1+ 58. Ke2 Qxd4 59. Qe8+ Kh7 60. Qe4+ Qxe4+ 61. fxe4 Ne7 62. Kd3 Nc6 63. Kc4 Ne5+ 64. Kb4 Nf3 65. Bc3 Nxh2 66. e5 fxe5 67. Bxe5 g5 68. Kxa4 Kg6 69. Bd6 Nf1 70. Kb3 Kf5 71. Kc2 Kg4 72. Kd1 Nxg3 73. Ke1 Kf3 74. Be7 g4 75. Bd8 h5 76. Be7 Kg2 0-1

[Event "GER-ch 93rd"]
[Site "Magdeburg"]
[Date "2022.08.15"]
[Round "2"]
[White "Bracker, Arne"]
[Black "Wachinger, Nikolas"]
[Result "0-1"]
[WhiteElo "2295"]
[BlackElo "2442"]
[EventDate "2022.08.14"]
[PlyCount "84"]

1. e4 c5 2. Nf3 d6 3. d4 cxd4 4. Nxd4 Nf6 5. Nc3 a6 6. Bg5 Nbd7 7. Qe2 b5 8. O-O-O Bb7 9. f4 Rc8 10. Bxf6 Nxf6 11. e5 Rxc3 12. exf6 Rc5 13. fxe7 Bxe7 14. Re1 Kf8 15. h4 Bf6 16. Qe3 g6 17. Bd3 Bxh4 18. Re2 Re5 19. fxe5 Bg5 20. e6 Bxe3+ 21. Rxe3 Qg5 22. Rhe1 Bd5 23. e7+ Kg7 24. Kb1 Re8 25. b3 Qxg2 26. R3e2 Qg4 27. Nxb5 axb5 28. Bxb5 Qc8 29. Bxe8 Qxe8 30. a4 Be6 31. Rxe6 fxe6 32. Rxe6 h5 33. a5 h4 34. a6 h3 35. a7 h2 36. Re1 Kf7 37. Ka2 g5 38. Rf1+ Kg7 39. Rh1 Qa8 40. Kb2 Kf7 41. Rxh2 Kxe7 42. Rh6 Kf7 0-1